| 000 | 00848nam a2200253 a 4500 | ||
|---|---|---|---|
| 001 | 55808 | ||
| 003 | BD-RjUL | ||
| 005 | 20211209080321.0 | ||
| 008 | 161122s1983 maua 001 0 eng | ||
| 020 | _a0201054442 | ||
| 035 | _a(BD-RjUL)55932 | ||
| 040 |
_aDLC _cDLC _dDLC _dBD-RjUL _beng |
||
| 041 | _aeng | ||
| 082 | 0 | 0 |
_a621.381730223 _223 _bNEV 1983 |
| 100 | 1 |
_aNewkirk, John A. _9166168 |
|
| 245 | 1 | 4 |
_aThe VLSI designer's library : _bnMOS, [lambda]=2.5 [mu], with butting contacts / _cJohn A. Newkirk, Robert Mathews. |
| 260 |
_aReading, Mass : _bAddison-Wesley Pub. Co., _cc1983. |
||
| 300 |
_axviii, 286 p. : _bill. ; _c28 cm. |
||
| 500 | _aIncludes index. | ||
| 650 | 0 |
_aMicroelectronics _xCharts, diagrams, etc. _9166170 |
|
| 700 | 1 |
_aMathews, Robert _q(Robert G.) _9166171 |
|
| 942 |
_2ddc _cBK |
||
| 999 |
_c55808 _d55808 |
||